000 00474nam a2200169Ia 4500
003 GCL
008 140319s9999 xx 000 0 ara d
040 _aGCL /
_cGCL
082 0 4 _a229.2
_bم و
100 1 _aمحمود شلتوت
245 1 0 _aالوصايا العشر /
_cمحمود شلتوت
300 _a88 ص
490 _aالهيئة العامة للاستعلامات
_v0
650 0 4 _aالاسلام
650 0 4 _aالقران - فضائل
942 _2ddc
_cBK
999 _c47413
_d47413